000 00907nam a2200265Ia 4500
003 OSt
005 20220918171052.0
006 a|||||r|||| 00| 0
007 ta
008 220917b |||||||| |||| 00| 0 eng d
020 _a9781138630444 (hbk)
_cUKP 105.00
024 _a349,128
037 _b013, 16/01/2019, Classic Book Service
_cTextual
040 _aARTS
_cARTS
_beng
041 _2eng
_aeng
082 _aQ2:31(Y15), Q7
100 _aPrasad R. U. S. Au.
_933817
245 0 _aRiver and goddess worship in India
_b changing perceptions and manifestations of sarasvati
260 _aLondon
_bRoutledge UK
_c2017
300 _ax,147p.
_ccm.
490 _aRoutledge hindu studies series
650 _aGODS AND GODDESSES; HINDUISM; RELIGION
_933818
942 _hQ2:31(Y15), Q7
_cTEXL
_2CC
999 _c137696
_d137696